00698nam a2200241 4500003000400000005001700004008004100021040001800062050001500080100002000095245004400115264002900159300005800188336002200246337002400268338002400292500002700316650002400343650003100367700003000398942001100428999001700439OSt20260601193839.0260420b2002 NYUa|||| |||| 00| 0 eng d aICIbspacICI aTS171bS66 1aEmilia Terragni 1aSpoon /cproject editor Emilia Terragni bPhaidon,c2002aLondon : a444 páginasbilustraciones (principalmente a color) atexto2rdacontent asin medio2rdamedia avolumen2rdacarrier aReimpresiones: (2004)( aDiseño industrial aDiseñadores industriales 1aTerragni, Emilia,eeditor 2lcccB c21353d21353